Certifikačný orgán personálu a skúšky zváračov podľa STN EN 287

Bibliographic Details
Main Authors: Papajčík, Ondrej (Author), Vitáloš, Ivan (Author)
Format: Article
Language:Slovak
PhysicalDescription:Lit. 5 zázn. v nem., slov.
ISSN:0044-5525
Subjects:

MARC

LEADER 00000nab a2200000 a 4500
001 vtls000597059
003 SK-MaSNL
005 20260303015701.0
008 160204c1996 xo 0 slo
015 |a SNBRB19rr/mm-uuuuu 
035 |a CL0597198 
040 |a SNKBUCL  |b slo  |c SNKBUCL  |e AACR2 
041 0 |a slo 
044 |a xo  |c SK 
080 |a 621.791.007:377:006(437.6)  |2 1981 
080 |a 377  |2 1981 
080 |a 006(437.6)  |2 1981 
100 1 |a Papajčík, Ondrej  |4 aut  |9 791006 
245 1 0 |a Certifikačný orgán personálu a skúšky zváračov podľa STN EN 287  |c Ondrej Papajčík, Ivan Vitáloš 
300 |b Lit. 5 zázn. v nem., slov. 
650 0 7 |a zváranie  |2 snkbucl  |9 1839 
650 0 7 |a certifikácia personálu  |2 snkbucl  |9 990335 
650 0 7 |a skúšky zváračské  |2 snkbucl  |9 919817 
650 0 7 |a STN EN 287  |2 snkbucl  |9 998694 
655 7 |a články z novín a časopisov  |2 snkbucl  |9 267496 
700 1 |a Vitáloš, Ivan  |4 aut  |9 8855 
773 0 |t Zváranie. Svařování  |g Roč. 45, č. 5 (1996), s. 111-113  |x 0044-5525 
850 |a Slovenská národná knižnica v Martine  |a MTA001 
852 |a SNK  |b KIS3GCP 
958 |a NB 
958 |a RK 
992 |a RBX 
999 |c 1614097  |d 1616027